Informe de gestión 1998
Saved in:
| Institution som forfatter: | |
|---|---|
| Format: | Bog |
| Sprog: | spansk |
| Udgivet: |
Santiago
SUBTEL
1999
|
| Fag: | |
| Tags: |
Tilføj Tag
Ingen Tags, Vær først til at tagge denne postø!
|
MARC
| LEADER | 00000nam a2200000 a 4500 | ||
|---|---|---|---|
| 001 | UCP9231 | ||
| 003 | CL-VaPUC | ||
| 008 | 000324e19990000CL |||||||||||||||||spa|d | ||
| 082 | 0 | 4 | |a 384 |b MIN |2 21 |
| 110 | 2 | |a Ministerio de Transportes y Telecomunicaciones |e author |9 439664 | |
| 245 | 1 | 0 | |a Informe de gestión 1998 |
| 300 | |a 61 p | ||
| 942 | |c BK | ||
| 945 | |d 20000324 00:00:00 |a rbrito | ||
| 260 | |a Santiago |b SUBTEL |c 1999 | ||
| 650 | 0 | |a Telecomunicaciones |9 257195 | |
| 650 | 7 | |a COMUNICACIONES |2 CL-VaPUC |9 260778 | |
| 583 | |a last modification |c 20000324 00:00:00 |k Rodrigo Vera | ||
| 999 | |c 286068 |d 286066 | ||
| 952 | |0 0 |1 0 |4 0 |6 384_000000000000000_MIN_1999 |7 0 |8 A |9 331344 |a BIBGIM |b BIBGIM |d 2019-11-20 |i 3578844 |o 384 MIN 1999 |p 3578844 |r 2025-01-15 |w 2019-11-20 |y BK |k GIM | ||